| 000 | 00780nam a2200241 a 4500 | ||
|---|---|---|---|
| 005 | 20210219153514.0 | ||
| 008 | 991125n 000 0 spa u | ||
| 035 | _aUPN01000103693 | ||
| 110 | 2 | _aInstituto Politécnico Nacional (México) | |
| 222 | _aCONESCAL : | ||
| 222 | _aREVISTA ESPECIALIZADA EN CONSTRUCCIONES ESCOLARES | ||
| 245 | _aUnidad Profesional Interdisciplinaria de Ingeniería y Ciencias Sociales y Administrativas del Instituto Politécnico Nacional : Ciudad de México | ||
| 260 | _aMéxico | ||
| 300 | _a9-33 | ||
| 362 | 0 | _a1973 No. 27, mar. | |
| 653 | 0 | _aCONSTRUCCIONES ESCOLARES | |
| 653 | 0 | _aEDUCACION SUPERIOR | |
| 653 | 0 | _aIPN | |
| 653 | 0 | _aPROYECTOS ARQUITECTONICOS | |
| 653 | 0 | _aUPIICSA, IPN | |
| 904 |
_aAC _b041504 |
||
| 905 | _aArticulo | ||
| 999 |
_c78694 _d78694 |
||